000 00627nam a2200253 a 4500
001 nice12345678
003 IN_TiNIC
005 20260116014340.0
008 100119s2009 dela grp 000 0 eng
020 _a9789380162003
_c795
082 0 0 _a306.44
_bPUR
100 _aPurohit, V
245 _aLanguage Literature and Culture
260 _aDelhi
_bArise Pub
_c2009
300 _a277p
500 _aincludes index and biblioraphy
505 2 _aBibliography, Index
650 _aResearch Methodology
650 _aLanguage-Culture
700 1 _aPurohit, V
902 _bSRS
942 _cBK
999 _c14928
_d14928